Catálogo público

Normal view MARC view

Entry Término temático

Number of records used in: 8

001 - NÚMERO DE CONTROL

  • campo de control: 157318

003 - IDENTIFICADOR DEL NÚMERO DE CONTROL

  • campo de control: OSt

005 - FECHA Y HORA DE LA ÚLTIMA TRANSACCIÓN

  • campo de control: 20220727132129.0

008 - DATOS DE LONGITUD FIJA

  • campo de control de longitud fija: 220127|| aca||aabn | a|a d

040 ## - FUENTE DE LA CATALOGACIÓN

  • Centro catalogador/agencia de origen: mxchpua
  • Centro/agencia transcriptor: CHAP

150 1# - ENCABEZAMIENTO--TÉRMINO DE MATERIA

  • Término de materia o nombre geográfico como elemento de entrada: Milling industry

670 ## - FUENTE DE DATOS ENCONTRADOS

  • Cita de la fuente: Work cat.: (OSt)175832: Reyna Izaguirre, Diana América 97046, Reporte del viaje de la materia de Interrelación Agricultura-Industria /, 2012